000 01229nam a22003257a 4500
003 OSt
005 20241206092303.0
008 241206b |||||||| |||| 00| 0 eng d
020 _a9780443113369 (paperback)
040 _aNUST
_beng
_cNUST
_dNUST
_erda
050 _aRM301.28 VIS
100 _aVisovsky, Constance G
_eAuthor
245 _aIntroduction to clinical pharmacology /
_c[edited by] Constance G. Visovsky, Cheryl H. Zambroski, Shirley Meier Hosler.
250 _aEleventh edition.
260 _aSt. Louis, Missouri :
_bElsevier,
_c2025.
300 _axii, 459 pages :
_bIllustrations ;
_c28 cm.
336 _2rdamedia
_atext
_btxt
337 _2rdamedia
_aunmediated
_bn
338 _2rdamedia
_avolume
_bnc
504 _a Includes bibliographical references and index.
650 _vClinical pharmacology.
650 _vDrugs -- Dosage.
650 _vDrugs -- Administration.
650 _vClinical pharmacology -- Study and teaching.
650 _vPharmaceutical Preparations -- administration & dosage.
650 _vDrug Therapy.
700 _aZambroski, Cheyl H
_eAuthor
700 _aHosler, Shirley Meier
_eAuthor
942 _2lcc
_cBOOKS
_eEleventh edition
_hRM301.28 VIS
_kRM
_mVIS
_n0
999 _c171122
_d171122